| 000 | 01144cab a22001935a 4500 | ||
|---|---|---|---|
| 001 | L152269 | ||
| 008 | 110215e20110207xxk 000 0 eng d | ||
| 035 | _a(Sirsi) u152269 | ||
| 041 | 0 | _aeng | |
| 110 | 2 |
_aEuroProperty _91216 |
|
| 245 | 0 | 0 | _aAppetite for non-listed funds grows as economy recovers |
| 260 | _c2011 | ||
| 490 | 0 |
_aEuroProperty _v7 February 2011, 8-9(2) |
|
| 520 | _a55% of investor respondents to the 7th annual INREV Investment Intentions Survey intend to increase their future allocations to non-listed real estate, a higher percentage than last year. 90% of large investors expect their allocations to joint ventures to increase over the next two years and the bigger the investor the larger the expected increase appears to be. Seeded funds have increased as a preference compared with last year?s study. German retail is the top investor country/sector combination. 80% of respondents were not put off new investment by Basel III, Solvency II and EU AIFM Directive regulations. | ||
| 590 | _aKA | ||
| 651 | 4 | _aEurope | |
| 690 | _aPROPERTY-COMMERCIAL PROPERTY-COMMERCIAL PROPERTY FINANCE AND INVESTMENT | ||
| 942 | _n0 | ||
| 999 |
_c82927 _d82927 |
||